Zwycięzcy konkursów Pucharu Świata 2005/06 w skokach narciarskich - Statystyki

Ogólne statystyki
  • Ten quiz został rozwiązany 13 razy
  • Średni wynik to 20 z 22
Statystyki odpowiedzi
Data Miejscowość Skocznia Narodowość Zwycięzca % Poprawnych
12.03.2006 Oslo duża Polska Adam Małysz
100%
26.11.2005 Ruka duża Czechy Jakub Janda
100%
4.12.2005 Lillehammer duża Czechy Jakub Janda
100%
11.12.2005 Harrachov duża Czechy Jakub Janda
100%
18.12.2005 Engelberg duża Czechy Jakub Janda
100%
1.01.2006 Garmisch-Partenkirchen duża Czechy Jakub Janda
100%
29.12.2005 Oberstdorf duża Finlandia Janne Ahonen
100%
6.01.2006 Bischofshofen duża Finlandia Janne Ahonen
100%
10.03.2006 Lillehammer duża Austria Thomas Morgenstern
100%
4.02.2006 Willingen duża Austria Andreas Kofler
92%
3.12.2005 Lillehammer duża Szwajcaria Andreas Küttel
92%
10.12.2005 Harrachov duża Szwajcaria Andreas Küttel
92%
7.03.2006 Kuopio duża Szwajcaria Andreas Küttel
92%
4.01.2006 Innsbruck duża Norwegia Lars Bystøl
92%
28.01.2006 Zakopane duża Finlandia Matti Hautamäki
92%
29.01.2006 Zakopane duża Finlandia Matti Hautamäki
92%
21.01.2006 Sapporo duża Norwegia Bjørn Einar Romøren
85%
18.03.2006 Planica mamucia Norwegia Bjørn Einar Romøren
85%
26.11.2005 Ruka duża Słowenia Robert Kranjec
85%
22.01.2006 Sapporo duża Norwegia Roar Ljøkelsøy
77%
5.03.2006 Lahti duża Finlandia Janne Happonen
69%
19.03.2006 Planica mamucia Finlandia Janne Happonen
69%
Nie znaleziono quizów pasujących do podanych kryteriów
Rozkład punktacji
Procent ludzi z każdym wynikiem
Percentyl według liczby udzielonych odpowiedzi
Twoja historia wyników
Nie rozwiązałeś tego quizu